| 000 | 01855nam a2200313 a 4500 | ||
|---|---|---|---|
| 003 | BLK | ||
| 005 | 20240405005730.0 | ||
| 008 | 201211b bu |||||r|||| 00| | bu d | ||
| 020 | _a9786197449518 | ||
| 040 | _aBLK | ||
| 041 |
_aBUL _cBUL |
||
| 080 |
_aФилософски мистицизъм. Ранни езотерични школи. Кабала. Теософия. Антропософия. Суфизъм. Еклектизъм. Синкретизъм. Херметизъм. Розенкройцерство. Др. школи _b141.33 _z141.33 |
||
| 084 | _aД 95 | ||
| 100 |
_aДънов, Петър Константинов _cБеинса Дуно ; Учителя Беинса Дуно _d1864-1944 _gФилософ, създава Школата на Всемирното Бяло братство в България _9363384 |
||
| 245 |
_aСилата на любовта _bИз словото на Учителя Петър Дънов _cПетър Дънов ; предг. Елеазар Хараш _nКн. 2 |
||
| 257 | _aBGR | ||
| 260 |
_9391418 _aВарна _bСветът на книгите _c2020 |
||
| 300 |
_a256 с. _c17 см |
||
| 380 | _a1 | ||
| 500 | _aУчителят - духовно име на Петър Константинов Дънов; Елеазар Хараш - псевд. на авт. на доп. материал Петко Йорданов Йорданов. | ||
| 504 | _aБиблиогр.: с. 250-251 | ||
| 650 | 7 |
_9153927 _aДъновизъм |
|
| 700 | 1 |
_aХараш, Елеазар _qЙорданов, Петко Йорданов _gПисател и издател, езотерика _eпредг. _9136203 |
|
| 852 |
_aЦб І 40291 _bЦб |
||
| 852 |
_bП _c14/Д 95 П |
||
| 942 |
_cKNG _n0 _s1 |
||
| 944 |
_aCR _k _lCRON CRON _c2024-04-04 |
||
| 999 |
_c392265 _d392265 |
||